Fr. Conceicao Rodrigues College of Engineering

ARM system on chip architecture (Record no. 20083)

MARC details
000 -LEADER
fixed length control field 00364nam a2200181Ia 4500
082 ## - DEWEY DECIMAL CLASSIFICATION NUMBER
Classification number 004.1/FUR
Item number FUR
100 ## - MAIN ENTRY--PERSONAL NAME
Personal name Furber/Steve
250 ## - EDITION STATEMENT
Edition statement 2
245 ## - TITLE STATEMENT
Title ARM system on chip architecture
260 ## - PUBLICATION, DISTRIBUTION, ETC.
Name of publisher, distributor, etc. Pearson Education
Date of publication, distribution, etc. 2000
366 ## - TRADE AVAILABILITY INFORMATION
Publishers's discount category 17.5
300 ## - PHYSICAL DESCRIPTION
Extent 427
546 ## - LANGUAGE NOTE
Language note ENGLISH
650 ## - SUBJECT ADDED ENTRY--TOPICAL TERM
Topical term or geographic name entry element ARM
654 ## - SUBJECT ADDED ENTRY--FACETED TOPICAL TERMS
Focus term ARM
942 ## - ADDED ENTRY ELEMENTS (KOHA)
Koha item type BOOK
Holdings
Withdrawn status Lost status Damaged status Not for loan Collection Home library Current library Date acquired Source of acquisition Cost, normal purchase price Inventory number Total Checkouts Full call number Barcode Date last seen Cost, replacement price Price effective from Koha item type
        CRC Fr. Agnel's C.Rodrigues College of Engineering Fr. Agnel's C.Rodrigues College of Engineering 17/03/2023 Educational books and periodicals 226.88 258 dt 27/04/2009   004.1/FUR FUR 19565 17/03/2023 275.00   BOOK